000 01404cad a22002535a 4500
001 L156385
008 120516s2009 xxk f 000 0 eng d
035 _a(Sirsi) u156385
041 0 _achinese
110 0 _aMcGraw-Hill Construction
_95916
245 0 0 _aBIM China report
_h[electronic resource]
260 _a[S.l.]
_bMcGraw-Hill
_c2009
505 _aIntroduction to Building Information Modeling (BIM) -- BIM in China -- Building Information Modeling market summary -- Adoption of BIM -- Usage of BIM -- Value of using BIM -- BIM infrastructure -- Conclusions -- Resources and methodology
520 _aA research report on Building Information Modeling (BIM) in China reflecting BIM's rapid development in the country by featuring local case studies from the early adopters and thought leadership interviews with industry leaders. Includes results of a 2008 survey on BIM in the United States as a comparison providing Chinese AEC professionals with an international benchmark on how BIM has transformed the global industry.
590 _aKA
650 _aBUILDING INFORMATION MODELLING
650 2 4 _aBIM
_96219
651 4 _aChina
651 4 _aUnited States
690 _aBIM
_96219
710 1 _aAutodesk
856 4 0 _uhttps://construction.com/market_research/BIMChina/BIMChina.asp#BIM_Form
_zRegister here to download free the report in Chinese ://bim.construction.com
942 _n0
999 _c114228
_d114228